AIDS and families /

-д хадгалсан:
Номзүйн дэлгэрэнгүй
Үндсэн зохиолч: Macklin, Eleanor D. (Зохиогч)
Формат: Ном
Хэл сонгох:итали
англи
Хэвлэсэн: New York : Harrington Park, 1989
Шошгууд: Шошго нэмэх
Шошго байхгүй, Энэхүү баримтыг шошголох эхний хүн болох!

MARC

LEADER 00000nam a22000007i 4500
001 IT\ICCU\UBO\3561395
003 ItRI
005 20260115231827.0
008 090127s1989 xxu|||||| ||||| |||||c
020 |a 0918393604 
040 |b ita  |c importazione bologna sebina 
041 7 |a ita  |a eng  |2 ISO-639-2 
100 1 |a Macklin, Eleanor D.  |0 IT\ICCU\MILV\118492  |4 aut 
245 1 0 |a AIDS and families /  |c Eleanor D. Macklin. 
260 |a New York :  |b Harrington Park,  |c 1989 
300 |a xvi, 284 p. ;  |c 22 cm. 
942 |2 ddc  |c BK  |n 0 
952 |0 0  |1 0  |4 0  |6 A_616_979000000000000_MAK  |7 0  |9 13677  |a BO  |b BO  |d 2026-01-15  |i 2649  |l 0  |o A 616.979 MAK  |p BO2649  |r 2026-01-15 23:18:28  |w 2026-01-15  |x [Sebina 5] [1 v. (2. copia)]  |y BK  |z 1 v. (2. copia) 
952 |0 0  |1 0  |4 0  |6 A_616_979000000000000_MAK  |7 0  |9 13678  |a BO  |b BO  |d 2026-01-15  |i 1934  |l 0  |o A 616.979 MAK  |p BO1934  |r 2026-01-15 23:18:28  |w 2026-01-15  |x [Sebina 5] [1 v.]  |y BK  |z 1 v. 
999 |c 11765  |d 11765